• 首页
  • 本馆介绍
  • 公告通知
  • 最新文献
  • 馆藏检索
  • 电子资源
  • 读者导购
  • 参考咨询
  • 我的图书馆
  • 登录
  • 详细信息显示
  • 放入我的书架
  • 预约/预借图书
  • 作者相关作品
  • 分类相关作品
  • 丛书相关作品
  • 出版社相关作品

书目信息

  • 表格格式
  • 工作单格式
  • 卡片格式
题名:
世纪雕塑史话
    
 
作者: 李勇 著
分册:  
出版信息: 北京   国际文化出版公司  2000
页数: 206页
开本: 32开
丛书名: 世界艺术史话
单 册:
中图分类: J309.1
科图分类:
主题词: 雕塑理论
电子资源:
ISBN: 7-80105-753-8
000 00667nam0 2200229 45
001 0111191556
005 20031219104051.6
010    @a7-80105-753-8@dCNY16.00
100    @a20011119d2000 km y0chiy0120 ea
101 0  @achi
105    @a z 000yy
200 1  @a世纪雕塑史话@AShi Ji Diao Su Shi Hua@f李勇著@FLi Yong Zhu
210    @a北京@c国际文化出版公司@d2000
215    @a206页@d32开
225    @a世界艺术史话@f周宁,周旻主编
410    @12001 @a世界艺术史话
410    @1700 0@a周旻@AZhou Min@4主编@a周宁@AZhou Ning@4主编
606 0  @a雕塑理论
690    @aJ309.1@v4
701    @a李勇@4著
801    @aCN@bTSTC@c20011119
905    @f5@b300959-963@dJ309.1@e9
    
    世纪雕塑史话/李勇著.-北京:国际文化出版公司,2000
    206页;32开.-(世界艺术史话/周宁,周旻主编)
    
    
    ISBN 7-80105-753-8:CNY16.00
    
●
相关链接 在E读中查询图书 在五车中查询图书 在当当中查询图书 在豆瓣中查询图书


正题名:世纪雕塑史话     索取号:J309.1/9         预约/预借

序号 登录号 条形码 馆藏地/架位号 状态 备注
1 0300959   203009591   第一借阅区/ [索取号:J309.1/9] 在馆    
2 0300960   203009608   第一借阅区/ [索取号:J309.1/9] 在馆    
3 0300961   203009617   第一借阅区/ [索取号:J309.1/9] 在馆    
4 0300962   203009626   第一借阅区/ [索取号:J309.1/9] 在馆    
5 0300963   203009635   第一样本阅览室/ [索取号:J309.1/9] 在馆    
唐山师范学院图书馆 欢迎您!
大连网信软件有限公司© 版权所有